Requerimientos de agua y uso consuntivo en la provincia de Río Negro /

Guardado en:
Autor Principal: Luque, Jorge Alfredo.
Otros Autores: Gutiérrez, Alfredo U., Paolini, Juan D.
Formato: Libro
Idioma:Spanish
Publicado: Río Negro : Ministerio de Economía, 1970.
Etiquetas: Agregar Etiqueta
Sin Etiquetas, Sea el primero en etiquetar este registro!
LEADER 00585nam a22001575a 4500
001 EUN.um042802
008 041125s1970####ag#a##########000#0#spa#d
005 20090408122157.0
245 1 0 |a Requerimientos de agua y uso consuntivo en la provincia de Río Negro /  |c Jorge A. Luque, Alfredo U. Gutiérrez, Juan D. Paolini. 
260 |a Río Negro :  |b Ministerio de Economía,  |c 1970. 
300 |a 87 p. :  |b il. ;  |c 27 cm. 
100 1 |a Luque, Jorge Alfredo. 
700 1 |a Gutiérrez, Alfredo U. 
700 1 |a Paolini, Juan D. 
082 0 4 |a 631.7 
859 |a Ar-BaUNS  |b BIB. CENTRAL - Sector C  |h 631.7  |i L974  |p 56156/970